Agricultural co operative structure in India (Record no. 36983)

MARC details
000 -LEADER
fixed length control field 00336nam a2200121Ia 4500
082 ## - DEWEY DECIMAL CLASSIFICATION NUMBER
Classification number 334:63(540)
Item number MAM
100 ## - MAIN ENTRY--AUTHOR NAME
Personal name MAMORIA, C B
245 #0 - TITLE STATEMENT
Title Agricultural co operative structure in India
260 ## - PUBLICATION, DISTRIBUTION, ETC. (IMPRINT)
Place of publication Allahabad
Name of publisher Kitab Mahal
Year of publication 1983
650 ## - SUBJECT ADDED ENTRY--TOPICAL TERM
Topical Term Agricultural cooperation
942 ## - ADDED ENTRY ELEMENTS (KOHA)
Koha item type Books
Holdings
Withdrawn status Lost status Damaged status Not for loan Home library Current library Date acquired Full call number Accession Number Koha item type
        RRII Library RRII Library 16/12/2021 334:63(540) MAM 17375 Books